Data Structures (Record no. 6892)

MARC details
000 -LEADER
fixed length control field 00316nam a2200145Ia 4500
003 - CONTROL NUMBER IDENTIFIER
control field OSt
008 - FIXED-LENGTH DATA ELEMENTS--GENERAL INFORMATION
fixed length control field 191201s2017 xx 000 0 und d
082 ## - DEWEY DECIMAL CLASSIFICATION NUMBER
Classification number 005.73
Item number GUD
100 ## - MAIN ENTRY--PERSONAL NAME
Personal name GUPTA, Deepak
245 #0 - TITLE STATEMENT
Title Data Structures
260 ## - PUBLICATION, DISTRIBUTION, ETC. (IMPRINT)
Name of publisher, distributor, etc SK Kataria
Date of publication, distribution, etc 2017
300 ## - PHYSICAL DESCRIPTION
Extent 414
650 ## - SUBJECT ADDED ENTRY--TOPICAL TERM
Topical term or geographic name as entry element B.Tech(IT)
942 ## - ADDED ENTRY ELEMENTS (KOHA)
Source of classification or shelving scheme Dewey Decimal Classification
Koha item type Text Books
Holdings
Withdrawn status Lost status Source of classification or shelving scheme Damaged status Not for loan Collection code Home library Current library Date acquired Source of acquisition Cost, normal purchase price Bill Number Total Checkouts Full call number Acc. no. / Barcode Date last seen Actual Cost, discounted price Bill Date Koha item type Date last borrowed
    Dewey Decimal Classification     B.Tech(CSE) PIET C-LIBRARY PIET C-LIBRARY 21/07/2020 Kirti Prakashan 265.00 IN3894   005.73 GUD 30672 04/12/2019 190.80 16/05/2019 Reference Books  
    Dewey Decimal Classification     Computer Science and Engineering in AI & Machine Learning PIET C-LIBRARY PIET C-LIBRARY 21/07/2020 Kirti Prakashan 265.00 IN3894 12 005.73 GUD 30673 09/06/2025 190.80 16/05/2019 Text Books 30/05/2025
    Dewey Decimal Classification     Computer Science and Engineering in AI & Machine Learning PIET C-LIBRARY PIET C-LIBRARY 21/07/2020 Kirti Prakashan 265.00 IN3894 6 005.73 GUD 30674 17/01/2025 190.80 16/05/2019 Text Books 27/03/2023
    Dewey Decimal Classification     Computer Science and Engineering in AI & Machine Learning PIET C-LIBRARY PIET C-LIBRARY 21/07/2020 Kirti Prakashan 265.00 IN3894 15 005.73 GUD 30675 26/05/2025 190.80 16/05/2019 Text Books 19/05/2025

Design & Developed by: PIET Central Library
R70 Miles Stone Pattikalyana Samalkha Panipat 132102
mail ID :- [email protected], Phone No:- 0180-2569700 Ex.216